000 00353nam a2200121Ia 4500
008 241015s9999 xx 000 0 und d
041 _aeng
082 _a382 THO
100 _aLund-Thomsen P.
245 _aRethinking Global Value Chains And Corporate Social Responsibility
260 _bEdward Elgar
_aUnited Kingdom
_c2022
300 _a123 123;. p. 22 cm
999 _c41732
_d41732